A text book of engineering chemistry : (Record no. 37970)

MARC details
000 -LEADER
fixed length control field 00800nam a22002177a 4500
005 - DATE AND TIME OF LATEST TRANSACTION
control field 20100727153125.0
010 ## - LCCN (DPL NO)
LC control number ENG-96951
020 ## - INTERNATIONAL STANDARD BOOK NUMBER
Terms of availability 125.00
035 ## - SYSTEM CONTROL NUMBER
System control number EN-80484
037 ## - SOURCE OF ACQUISITION
Source of stock number/acquisition DBAD/PUB
082 ## - DEWEY DECIMAL CLASSIFICATION NUMBER
Classification number 660
100 ## - MAIN ENTRY--PERSONAL NAME
Personal name Veeraraj, A.
245 ## - TITLE STATEMENT
Title A text book of engineering chemistry :
Statement of responsibility, etc by A. Veeraraj, M. Umayavalli [and] V. Suresh Kumar
Remainder of title for first year students of all branches of engineering /
260 ## - PUBLICATION, DISTRIBUTION, ETC. (IMPRINT)
Place of publication, distribution, etc Madurai
Name of publisher, distributor, etc Naalanda Publications
Date of publication, distribution, etc 2004
270 ## - ADDRESS
Address 365, T. P. K. Road, Pasumalai
City Madurai
Postal code 625004
300 ## - PHYSICAL DESCRIPTION
Extent 240 p.
Dimensions 24cm (pbk)
700 ## - ADDED ENTRY--PERSONAL NAME
9 (RLIN) 1708
Personal name Umayavalli, M.
700 ## - ADDED ENTRY--PERSONAL NAME
Personal name Suresh Kumar, V.
9 (RLIN) 1907
942 ## - ADDED ENTRY ELEMENTS (KOHA)
Source of classification or shelving scheme Dewey Decimal Classification
Item type English Books
Classification part 660
Call number suffix VEE
Holdings
Withdrawn status Lost status Not for loan Collection code Home library Current library Date acquired Source of acquisition Cost, normal purchase price Full call number Barcode Copy number Cost, replacement price Koha item type
    Not For Loan Non-fiction D.B.Act.Division D.B.Act.Division 27/07/2010 DBAD/PUB 125.00 660 VEE EN-80484 1 125.00 English Books

© Delhi Public Library
Hit Counter
free hit counter